000 01285nac a22003617a 4500
001 BR7908005
003 BR-BrBNA
005 20240105114542.0
008 230509b bl.|||m| |||| 00| 0 por d
040 _aBR-BrBNA
_bpor
_cBiblioteca Nacional de Agricultura
072 _aF00; E15
090 _a0150 BR7908005
110 1 _aFundacao Comissao Estadual de Planejamento Agricola do Espirito Santo, Vitoria (Brasil)
_94825
245 1 _aPrevisao de safras agricolas, novembro/79 [Oryza sativa, arroz, Phaseolus vulgaris, feijao, Zea mays, milho, Manihot esculenta, mandioca, Saccharum officinarum, cana de acucar, Musa spp., banana, Espirito Santo, Brasil]
260 3 _aVitoria, ES (Brasil):
_c1979.
300 _a18 p.
490 _aPrevisao de Safras Agricolas - Fundacao Comissao Estadual de Planejamento Agricola do Espirito Santo (Brazil)
_vv. 1(2)
_x
500 _a7 tables
650 _aARROZ
650 _aFEIJAO
650 _aMILHO
650 _aMANDIOCA
650 _aCANA DE ACUCAR
650 _aBANANA
650 _aSEMENTE
650 _aADUBO ORGANICO
650 _aFERTILIZANTE
650 _aPREVISAO DE SAFRA
650 _aCREDITO RURAL
650 _aESPIRITO SANTO
909 _a202312
_bLúcia Elande
_c55
_dLúcia Elande
942 _2AGRIS
_n0
_cMS
999 _c270000
_d270000